书目信息 |
| 题名: |
承接古今 汇通中外
|
|
| 作者: | 郁龙余 主编 | |
| 分册: | ||
| 出版信息: | 银川 宁夏人民出版社 2008.10 |
|
| 页数: | 428页 | |
| 开本: | 26cm | |
| 丛书名: | ||
| 单 册: | ||
| 中图分类: | I0-03 | |
| 科图分类: | ||
| 主题词: | 比较文学--bi jiao wen xue--国际学术会议--文集 | |
| 电子资源: | ||
| ISBN: | 978-7-227-03823-8 | |
| 000 | 01167nam0 2200241 450 | |
| 001 | 012009484030 | |
| 005 | 20090916175537.07 | |
| 010 | @a978-7-227-03823-8@dCNY46.00 | |
| 100 | @a20090916d2008 em y0chiy0120 ea | |
| 101 | 0 | @achi |
| 102 | @aCN@b630000 | |
| 105 | @ak z 000yy | |
| 106 | @ar | |
| 200 | 1 | @a承接古今 汇通中外@Acheng jie gu jin hui tong zhong wai@e中国比较文学学会第八届年会暨国际学术研讨会论文集@f郁龙余主编@Fyu long yu zhu bian |
| 210 | @a银川@c宁夏人民出版社@d2008.10 | |
| 215 | @a428页@d26cm | |
| 330 | @a本书收录了“中国比较文学学会第八届年会暨国际学术研讨会上的论文48篇。具体内容包括《中外文学关系史研究的若干理论和方法的思考》《程抱一著作中的俄尔甫斯主义影响》《俄罗斯文学对中国文化的深层影响》《王尔德与东方文化》《从接受美学的“潜在读者”论看鲁迅的“直译”及对现代译学的研究意义》等。 | |
| 517 | 1 | @a中国比较文学学会第八届年会暨国际学术研讨会论文集@Azhong guo bi jiao wen xue xue hui di ba jie nian hui ji guo ji xue shu yan tao hui lun wen ji |
| 606 | 0 | @a比较文学@Abi jiao wen xue@x国际学术会议@j文集 |
| 690 | @aI0-03@v4 | |
| 701 | 0 | @a郁龙余@Ayu long yu@4主编 |
| 801 | 0 | @aCN@bQSSK@c20090916 |
| 905 | @b752408-10@dI0-03@eY847@f3 | |
| 承接古今 汇通中外:中国比较文学学会第八届年会暨国际学术研讨会论文集/郁龙余主编.-银川:宁夏人民出版社,2008.10 |
| 428页;26cm |
| ISBN 978-7-227-03823-8:CNY46.00 |
| 本书收录了“中国比较文学学会第八届年会暨国际学术研讨会上的论文48篇。具体内容包括《中外文学关系史研究的若干理论和方法的思考》《程抱一著作中的俄尔甫斯主义影响》《俄罗斯文学对中国文化的深层影响》《王尔德与东方文化》《从接受美学的“潜在读者”论看鲁迅的“直译”及对现代译学的研究意义》等。 |
| ● |
| 相关链接 |
|
|
|
正题名:承接古今 汇通中外
索取号:I0-03/Y847
 
预约/预借
| 序号 | 登录号 | 条形码 | 馆藏地/架位号 | 状态 | 备注 |
| 1 | 752408 | 207524080 | 文学库108/108文学库 1排2列2层/ [索取号:I0-03/Y847] | 在馆 | |
| 2 | 752409 | 207524099 | 社科二线400B/400B社科库 13排4列6层/ [索取号:I0-03/Y847] | 在馆 | |
| 3 | 752410 | 207524106 | 文学库108/108文学库 1排2列2层/ [索取号:I0-03/Y847] | 在馆 |